000 00290nam a22001337a 4500
008 181107b xxu||||| |||| 00| 0 eng d
020 _a0618604197
041 _aeng
080 _a371
100 _a46
101 _aEDU
245 _aBecoming a Master Student
_cEllis, D
942 _2udc
_cBK
999 _c52177
_d52177